00549nam a2200193 a 4500001001300000003000900013005001700022008004100039020002300080082002000103100003400123245004600157260003700203300000900240500003500249505002400284650001300308700003400321nice12345678IN_TiNIC20260116013742.0050524s1998 newa grp 000 0 eng  a8185990 c15000a324.245408bFRA aFrawley, David (vamadeva Shas aAwaken Bharatab a Call for India Rebirth aNew DelhibVoice of India c1998 a294p aincludes index and biblioraphy2 aBibliography, Index aHindutva1 aFrawley, David (vamadeva Shas